[Event "Val Thorens op 32nd"]
[Site "Val Thorens"]
[Date "2006.07.17"]
[Round "3"]
[White "Marechal, Christian"]
[Black "Dubois, Remi"]
[Result "1-0"]
[WhiteElo "1510"]
[BlackElo "1130"]
[PlyCount "43"]
[EventDate "2006.07.15"]
[EventType "swiss"]
[EventRounds "9"]
[EventCountry "FRA"]
[SourceTitle "EXT 2010"]
[Source "ChessBase"]
[SourceDate "2010.11.25"]
[SourceVersion "1"]
[SourceVersionDate "2010.11.25"]
[SourceQuality "1"]

1. d4 d5 2. Nf3 Bg4 3. e3 Nf6 4. Be2 Nc6 5. h3 Bh5 6. 0-0 e6 7. Nbd2 Bd6 8. c4 Bb4 9. a3 Be7 10. Qc2 Bg6 11. Bd3 Bh5 12. cxd5 Qxd5 13. Bc4 Bg6 14. Qb3 Qf5 15. Qxb7 0-0 16. Qxc6 Bd6 17. b4 Bh5 18. Nh4 Qc2 19. Ra2 Qc3 20. Nb1 Qxc4 21. Qxc4 Rab8 22. Nd2 1-0